000
003220000a22001450004500
003
MACL
040
_a
MACL
090
_c
8877
_d
8876
100
_a
Dhar, Anuj
245
_a
Back From Dead
_b
Inside The Subhas Bose Mystery
260
_b
Manas Publications
_c
2007
350
_a
295
650
_a
Philisophy
942
_c
BOOK
_k
100
999
_c
8822
_d
8822